Reforma Tributaria 2010 : (Registro nro. 7646)
[ vista simple ]
| 000 -LEADER | |
|---|---|
| fixed length control field | 01323nam a2200265Ia 4500 |
| 003 - CONTROL NUMBER IDENTIFIER | |
| control field | OSt |
| 005 - DATE AND TIME OF LATEST TRANSACTION | |
| control field | 20210419145629.0 |
| 008 - FIXED-LENGTH DATA ELEMENTS--GENERAL INFORMATION | |
| fixed length control field | 210310q2011 ck 000 0 spa d |
| 040 ## - CATALOGING SOURCE | |
| Original cataloging agency | CO-JMCR |
| Transcribing agency | CO-JMCR |
| 041 0# - LANGUAGE CODE | |
| Language code of text/sound track or separate title | spa |
| 082 04 - DEWEY DECIMAL CLASSIFICATION NUMBER | |
| Classification number | 343.86104 / |
| Item number | R436r |
| Edition number | 23 |
| 100 1# - MAIN ENTRY--PERSONAL NAME | |
| Personal name | Restrepo Rivera, Tulio, |
| 9 (RLIN) | 15040 |
| Relator term | compilador |
| 245 10 - TITLE STATEMENT | |
| Title | Reforma Tributaria 2010 : |
| Remainder of title | 15 años 1996-2011 / |
| Statement of responsibility, etc. | Tulio Restrepo Rivera, Fabio Londoño Rivera |
| 260 ## - PUBLICATION, DISTRIBUTION, ETC. | |
| Place of publication, distribution, etc. | Cali : |
| Name of publisher, distributor, etc. | Restrepo y Londoño Asesores Tributarios y Jurídicos S.A., |
| Date of publication, distribution, etc. | 2011 |
| 300 ## - PHYSICAL DESCRIPTION | |
| Other physical details | 122 páginas ; |
| Dimensions | 22 cm. |
| 505 0# - FORMATTED CONTENTS NOTE | |
| Formatted contents note | Impuesto al patrimonio -- Impuesto sobre la renta y complementarios -- Impuesto al valor agregado IVA -- Gravamen a los movimientos financieros -- Procedimiento tributario -- Impuestos territoriales -- Impuesto de industria y comercio -- Impuesto predial -- Otras normas -- Ley 1429 de 2010 |
| 650 14 - SUBJECT ADDED ENTRY--TOPICAL TERM | |
| Topical term or geographic name entry element | Ley 2010 de 2019 |
| 9 (RLIN) | 15042 |
| General subdivision | Crítica e interpretación |
| 650 24 - SUBJECT ADDED ENTRY--TOPICAL TERM | |
| Topical term or geographic name entry element | Ley 1943 de 2018 |
| General subdivision | Crítica e interpretación |
| 9 (RLIN) | 36974 |
| 650 24 - SUBJECT ADDED ENTRY--TOPICAL TERM | |
| Topical term or geographic name entry element | Reforma tributaria |
| General subdivision | Aspectos jurídicos |
| Geographic subdivision | Colombia |
| 9 (RLIN) | 36975 |
| 650 24 - SUBJECT ADDED ENTRY--TOPICAL TERM | |
| Topical term or geographic name entry element | Crecimiento económico |
| General subdivision | Aspectos jurídicos |
| Geographic subdivision | Colombia |
| 9 (RLIN) | 36976 |
| 650 24 - SUBJECT ADDED ENTRY--TOPICAL TERM | |
| Topical term or geographic name entry element | Derecho comparado |
| Geographic subdivision | Colombia |
| 9 (RLIN) | 8360 |
| 650 24 - SUBJECT ADDED ENTRY--TOPICAL TERM | |
| Topical term or geographic name entry element | Derecho fiscal |
| Geographic subdivision | Colombia |
| 9 (RLIN) | 8409 |
| 700 1# - ADDED ENTRY--PERSONAL NAME | |
| Personal name | Londoño Rivera, Fabio, |
| Relator term | compilador |
| 9 (RLIN) | 36977 |
| 942 ## - ADDED ENTRY ELEMENTS (KOHA) | |
| Source of classification or shelving scheme | Dewey Decimal Classification |
| Koha item type | Books |
| Withdrawn status | Lost status | Source of classification or shelving scheme | Damaged status | Not for loan | Collection code | Home library | Current library | Date acquired | Source of acquisition | Full call number | Barcode | Date last seen | Copy number | Koha item type | Total Checkouts | Price effective from |
|---|---|---|---|---|---|---|---|---|---|---|---|---|---|---|---|---|
| Dewey Decimal Classification | Non-fiction | Biblioteca Pública José María del Castillo y Rada | Biblioteca Pública José María del Castillo y Rada | 04/15/2018 | Donación | 343.86104 / R436r | 430003406 | 05/16/2024 | Ej.1 | Books | ||||||
| Dewey Decimal Classification | Non-fiction | Biblioteca Pública José María del Castillo y Rada | Biblioteca Pública José María del Castillo y Rada | 04/15/2018 | Donación | 343.86104 / R436r | 430003407 | 05/16/2024 | Ej.2 | Books | 04/19/2021 |